000 00707nam a2200157Ia 4500
008 231221s9999 xx 000 0 und d
020 _a978-3-540-33424-8
041 _aEnglish
100 _aZhigeng Pan, Ruth Aylett, Holger Diener, Xiaogang Jin, Stefan Göbel, Li Li
245 0 _aTechnologies for E-Learning and Digital Entertainment
260 _c2006
_bSpringer US
_aNew York
440 _aLecture Notes in Computer Science
650 _aComputer Science
650 _aUser Interfaces and Human Computer Interaction; Artificial Intelligence (incl. Robotics); Information Systems Applications (incl.Internet); Multimedia Information Systems; Computer Graphics; Computers and Education
942 _cEB
999 _c221385
_d221385